Parc Naturel de Sant Llorenç del Munt i l'Obac
Descripción Física:
1 f. plegat en 6 parts : il. col. ; 22 cm pleg., 44 x 33 cm despleg.
MARC
| LEADER | 00000nam a2200000Ia 4500 | ||
|---|---|---|---|
| 001 | 21565 | ||
| 008 | 160829s2001 xx 000 0 cat d | ||
| 080 | |a FU-40-71 | ||
| 100 | |a Parc Natural de Sant Llorenç del Munt i l'Obac | ||
| 245 | |a Parc Naturel de Sant Llorenç del Munt i l'Obac | ||
| 250 | |a Éd. française | ||
| 260 | |a Barcelona : |b Diputació de Barcelona, Servei de Parcs Naturals, |c 2001 | ||
| 300 | |a 1 f. plegat en 6 parts : |b il. col. ; |c 22 cm pleg., 44 x 33 cm despleg. | ||
| 590 | |a Inclou un mapa de la zona. | ||
| 590 | |a A la portada: L'anella verda. | ||
| 590 | |a Hi ha un altre exemplar en català amb R. 15562 i en anglès amb R. 21564 | ||
| 610 | 1 | 0 | |a Parc Natural de Sant Llorenç del Munt i l'Obac (Catalunya) |v Guies |9 52718 |
| 901 | |a Arxiu | ||
| 942 | |n 1 | ||
| 952 | |0 0 |1 0 |4 0 |6 FU4071 |7 1 |9 52714 |a Arxiu |b Arxiu |d 2016-12-01 |l 0 |o FU-40-71 |p 21565 |r 2016-12-01 00:00:00 |w 2016-12-01 |y ARXIU | ||
| 999 | |c 56563 |d 56563 | ||